000 00410nam a2200157Ia 4500
008 230917s9999||||xx |||||||||||||| ||und||
040 _e177965
_aMAIN
041 _aEnglish
082 _a346.0922 P966M(17)
100 _aPuliani, Ravi
245 0 _aManual of SEBI: acts, rules, regulations, etc. 2v
250 _a17th ed.
260 _aNew Delhi
_bBharat Law House
_c2010
300 _aVP p.
942 _cBK
999 _c156837
_d156837